Film film hátán

Bibliographic Details
Main Author: Juhász, Katalin, 1969- (Author)
Format: Article
Language:Hungarian
PhysicalDescription:Fotogr.
Subjects:

MARC

LEADER 00000nab a2200000 ar4500
001 vtls008959209
003 SK-MaSNL
005 20260319071340.0
008 070319c2007 xo |||||||| 000 b|hun
015 |a SNBRB2007/03  |2 snkbucl 
038 |a SNKBUCL 
040 |a DSZK  |b slo  |c DSZK  |e AACR2 
041 0 |a hun 
044 |a xo  |c SK 
080 |a 791.43.079:791.43  |x (439)  |2 1997 
080 |a 791.43  |x (439)  |2 1997 
100 1 |a Juhász, Katalin,  |d 1969-  |4 aut  |9 102317 
245 1 0 |a Film film hátán  |c Juhász Katalin 
300 |b Fotogr. 
611 2 7 |a Magyar Filmszemle  |n (38. :  |d 2007 :  |c Budapešť, Maďarsko)  |2 snkbucl  |9 1065208 
650 0 7 |a maďarský film  |2 snkbucl  |9 909095 
650 0 7 |a filmové festivaly a prehliadky  |2 snkbucl  |9 3405 
773 0 |t Vasárnap  |g Évf. 40, sz. 11 (2007), o. 19 
852 |a SNK  |b KIS3GCP 
852 |a DSZK  |b KIS3GCP 
958 |a HU 
999 |c 1758083  |d 1760013